000 00379nam a2200145Ia 4500
008 230917s9999||||xx |||||||||||||| ||und||
040 _e72880
_aMAIN
041 _aEnglish
082 _a657.48 N164F
100 _aNarayanaswamy, R
245 0 _aFinancial accounting: A managerial perspective
260 _aNew Delhi
_bPrentice Hall
_c2002
300 _ax, 564 p.
942 _cBK
999 _c112256
_d112256